Statistiques concernant Les 30 meilleurs clubs de l'histoire du football français

Cliquez ici pour prendre le quiz!

Statistiques générales

  • Ce quiz a été pris 14 231 fois
  • Le résultat moyen est 21 sur 30

Statistiques - réponses

Nombre de saisons en L1Meilleur classementClub% Correct
44Champion (6 fois)Paris Saint-Germain
100%
67Champion (9 fois)Olympique de Marseille
99%
58Champion (7 fois)Olympique lyonnais
98%
64Champion (10 fois)AS Saint-Etienne
95%
57Champion (3 fois)LOSC Lille
94%
64Champion (6 fois)Girondins de Bordeaux
93%
58Champion (7 fois)AS Monaco
91%
49Champion (8 fois)FC Nantes
91%
604eme placeStade rennais
90%
58ChampionRC Lens
88%
58Champion (4 fois)OGC Nice
87%
293eme placeToulouse FC
84%
19**2eme placeToulouse FC (1937)
84%
25ChampionMontpellier HSC
81%
56ChampionRC Strasbourg
81%
33Champion (6 fois)Stade de Reims
78%
32ChampionAJ Auxerre
72%
592eme placeFC Metz
70%
66Champion (2 fois)FC Sochaux-Montbéliard
62%
253eme placeSCO Angers
62%
343eme placeSC Bastia
57%
304eme placeAC Nancy-Lorraine
51%
332eme placeNîmes Olympique
50%
243eme placeLe Havre AC
49%
167eme placeES Troyes AC
48%
196eme placeRed Star FC
35%
333eme placeValenciennes FC
35%
233eme placeCS Sedan-Ardennes
28%
222eme placeAS Cannes
24%
194eme placeFC Rouen
21%

Distribution des résultats

Percentile par nombre de réponses

% des personnes avec chaque résultat

Votre développement - résultats

Vous n’avez pas pris ce quiz